Регионална библиотека "Любен Каравелов" - Русе

Лирична прегръдка (Запис номер 85390)

MARC детайли
000 -Лидер
Контролно поле с фиксирана дължина 01565nam a2200397 c 4500
003 - Код на организацията, давaща контролен номер
Контролно поле BLK
005 - Дата и час на последна редакция
Контролно поле 20231031091344.0
008 - Елементи от данни с фиксирана дължина
fixed length control field 180408b bul|||||r ||||||| ||bul||
010 ## - Наследен системен номер
LC control number KNG00089990000
020 ## - Международен стандартен номер на книга ISBN
Международен стандартен номер на книга ISBN 954-549-060-8
-- издат.: Феномен
040 ## - Източник на каталожния запис
Идентификатор на билиотеката - собственик на записа BLK
041 ## - Код за език
Код за езика на текст/звукозапис или на отделно заглавие Български
Код за езика КДБФ Български
072 #7 - Код за тематичната категория
Код организация bullib
Код за тематична категория Н8400
Текст Българска поезия Н
080 ## - УДК
Текстов определител УДК Българска литература
УДК код - определител по УДК 821.163.2
УДК определител -1(082.2)
УДК - код + определител 821.163.2-1(082.2)
139 ## - Редно поле
Редна дума Лирична прегръдка
Авторски знак Лир - Л 67
245 10 - Сведения за заглавието
Заглавие Лирична прегръдка
Подзаглавни данни 155 бълг. поети за Русия и Москва
Редно поле (дума) ред. кол. Благовеста Йорданова Касабова; ил. Евгений Димитров Босяцки.
257 ## - Страна на издаване
Страна на създаване/издаване България
260 ## - Област на издателските данни
-- София
Име на издателя, разпространителя и проч. Феномен
Година на издаване 2006
Печатница Костинброд : Мултипринт
300 ## - Физическа характеристика
Страници 252 с.
Размери/Мащаб 21 см
380 ## - Жанр
Жанр Худож. лит.
500 ## - Общи забележки
Забележка Изд. на Дом на Москва в София. - Офс. изд.
651 #4 - Допълнително описание по предмет - топоним
Географско понятие Москва
9 (RLIN) 179243
651 #4 - Допълнително описание по предмет - топоним
Географско понятие Русия
9 (RLIN) 179465
653 ## - Ключова дума – ненормативна
Ключова дума стихотворения
653 ## - Ключова дума – ненормативна
Ключова дума Москва
653 ## - Ключова дума – ненормативна
Ключова дума Русия
659 ## - Тематичен бюлетин
Тематичен бюлетин Н
700 ## - Други автори (авторска отговорност)
Лично име Касабова, Благовеста Йорданова
9 (RLIN) 368545
700 1# - Други автори (авторска отговорност)
Лично име Босяцки, Евгений Димитров
Автороска отговорност (Описва отношението между автора и произведението) ил.
9 (RLIN) 364675
852 ## - Местоположение
Форматна сигнатура Цб 244350
856 4# - Електронен адрес и достъп
Електронен формат pdf - файл
Път до файла /url/
856 4# - Електронен адрес и достъп
Електронен формат pdf - файл
Път до файла /url/
942 ## - АРТИКУЛИ
Вид на библиотечния материал Книги
Скрит в OPAC Не
944 ## - СЪЗДАВАНЕ И РЕДАКЦИЯ на ЗАПИСА
Създаване/Редакция Създаване
Дата на регистрацията/редакция 17.06.2009
Статус, дата на статуса Кети Илиева
Служител, извършил регистрацията/редакцията 30550
944 ## - СЪЗДАВАНЕ И РЕДАКЦИЯ на ЗАПИСА
Създаване/Редакция Редакция
Дата на регистрацията/редакция 12.11.2010
Статус, дата на статуса ф /
Служител, извършил регистрацията/редакцията
999 ## - СИСТЕМНИ КОНТРОЛНИ НОМЕРА
Koha biblionumber 85390
Koha biblioitemnumber 85390
Наличности
Код за отписване Код за изгубен артикул Код за повреда Коз за рестрикции Код за отдаване Артикулен № Име на библиотеката - собственик Име на библиотеката, в която се намира в момента Статус (Текущо местоположение) Дата на вписване в системата Местоположение - отдел Цена в лева Инвентарен номер Систематично азбучна сигнатура Баркод Номер на екземпляра Цена в евро Служебна бележка Служебен тип на артикула
  Не е изгубен Не е повреден без рестрикции ползва се в читалня 138507 Регионална библиотека "Любен Каравелов" Русе Регионална библиотека "Любен Каравелов" Русе Хранилище 2009-06-16 Хранилище 8.00 120000736243 Цб 244350 120000736243 1 4.09 Дост: Dp Вид: Д N: 2 Дата: 17.12.2008 Книги
  Не е изгубен Не е повреден без рестрикции заемане за дома 138508 Регионална библиотека "Любен Каравелов" Русе Регионална библиотека "Любен Каравелов" Русе Заемна - подръчен фонд 2010-10-06 Заемна - подръчен фонд 8.00 120000746393 П 886.7-1/Л 67 120000746393 2 4.09 Дост: DA Вид: А N: 21 Дата: 06.10.2010 Дата инв: 14.02.2018 Бележки инв: П2018 Книги
Vip Innovations Ltd, Rousse, Bulgaria 2025